| 000 | 00479cam a2200169ua 4500 | ||
|---|---|---|---|
| 041 |
_aeng _h |
||
| 082 |
_a154.22 _bFRE/SI |
||
| 100 | _aFreud, Sigmund . | ||
| 245 |
_aSigmund Freud / _cSigmund Freud. _hTextual Documents |
||
| 260 |
_aLondon : _bThe Hograth Press , _c1962. |
||
| 300 | _a67 ; . | ||
| 440 | 0 |
_aInternational Psycho Analytical Library, _v12 _x; |
|
| 490 | 0 |
_aInternational Psycho Analytical Library, _v12 _x; |
|
| 504 | _a | ||
| 942 | _cBK | ||
| 999 |
_c4544 _d4544 |
||